|
|
|
|
| LEADER |
00922nam a2200289 a 4500 |
| 001 |
000603137 |
| 003 |
CZ BrMZK |
| 005 |
20060622140350.0 |
| 007 |
ta |
| 008 |
020529s1989 xr a f cze d |
| 015 |
|
|
|a cnb000048729
|
| 020 |
|
|
|a 80-7058-053-4
|q (Brož.)
|
| 035 |
|
|
|a (OCoLC)39407910
|
| 040 |
|
|
|a BOA001
|c ze
|d BOA001
|
| 080 |
|
|
|a 612.78:784
|2 MRF
|
| 100 |
1 |
|
|a Kiml, Josef,
|d 1910-2005
|7 jk01060167
|4 aut
|
| 245 |
1 |
0 |
|a Co máme vědět o hlasu :
|b zpěvní hlas - poruchy - prevence /
|c Josef Kiml
|
| 250 |
|
|
|a 1. vyd.
|
| 260 |
|
|
|a Praha :
|b Supraphon,
|c 1989
|
| 300 |
|
|
|a 126 s. :
|b il. ;
|c 20 cm
|
| 504 |
|
|
|a Obsahuje bibliografii
|
| 500 |
|
|
|a Terminologický slovník
|
| 910 |
|
|
|a BOA001
|b 2-0950.460
|b PK-0111.348
|
| 920 |
|
|
|a 000026441
|
| 964 |
|
|
|a Hlas zpěvní - poruchy - prevence
|
| 990 |
|
|
|a BK
|
| 996 |
6 |
|
|b 3119992818
|c PK-0111.348
|l MZK
|r Sklad / do 1 hodiny
|n 43
|w 000603137
|u 000020
|a 1
|e BOA001
|j MZK50
|s P
|